Bienvenue à la Médiathèque de Saint-Andiol
banniere
Accueil Recherche avancée Mon compte
handi1 Rechercher dans le catalogue

Filtre   Mots-clés
  Recherche avancée
 
Lister les dernières nouveautés
 
Lister les livres GROS CARACTERES
 
Lister les périodiques (magazines)

handi1 Dr. Good ! [ 53 ]

Michel Cymes

Book Cover
Titre : Dr. Good ! [ 53 ]
Support : Livres
Langue : Francais
Publié : 2023 Mondadori Milan
Genre : Revues et magazines
Sujets :
Étiquettes :
Pas de tags
LEADER 00928nas0a2200253 450
001 16868268
011 |b Br.  |d 3,3 € 
100 |a 20260512d2023 u u0frey01 ba 
101 0 |a fre 
102 |a FR 
110 0 |a auu 0uu0 
200 0 |a Dr. Good ! [ 53 ]  |e Michel Cymes  |f Michel Cymes, Directeur du comité éditorial 
207 1 |a  53 
210 |a Milan  |c Mondadori  |d 2023 
464 |a Le microbiote : digestion, hormones, santé mentale, il sert à tout ! 
464 |a Noter les médecins, une bonne idée? 
464 |a Drainage lymphatique, ça marche pour quoi? 
464 |a S'exposer au soleil, bien protégé c'est oui ! 
464 |a La respiration, ses bienfaits 
464 |a Chevaux, chiens, lapins, le pouvoir de la thérapie animale 
676 |a 070.17 
900 |a Revues et magazines 
901 |a Adultes 
995 |a Médiathèque  |c Médiathèque  |f 089021856  |h 089021856  |k 070.17 DRG 53  |o p  |q a  |r az  |e Médiathèque